UBT Library

Dental assisting : (Record no. 40828)

000 -LEADER
fixed length control field 00955cam a22003014a 4500
001 - CONTROL NUMBER
control field 14716405
005 - DATE AND TIME OF LATEST TRANSACTION
control field 20180124035742.0
008 - FIXED-LENGTH DATA ELEMENTS--GENERAL INFORMATION
fixed length control field 070126s2008 nyua b 001 0 eng
010 ## - LIBRARY OF CONGRESS CONTROL NUMBER
LC control number 2007003672
016 7# - NATIONAL BIBLIOGRAPHIC AGENCY CONTROL NUMBER
Record control number 101298236
Source DNLM
020 ## - INTERNATIONAL STANDARD BOOK NUMBER
International Standard Book Number 1418048739 (alk. paper)
035 ## - SYSTEM CONTROL NUMBER
System control number (OCoLC)ocm81942523
035 ## - SYSTEM CONTROL NUMBER
System control number (OCoLC)81942523
Canceled/invalid control number (OCoLC)174094003
040 ## - CATALOGING SOURCE
Original cataloging agency DNLM/DLC
Transcribing agency DLC
Modifying agency NLM
-- BAKER
-- BTCTA
-- YDXCP
-- YDX
-- OCLCQ
-- DLC
041 ## - LANGUAGE CODE
Language code of text/sound track or separate title eng
042 ## - AUTHENTICATION CODE
Authentication code pcc
060 00 - NATIONAL LIBRARY OF MEDICINE CALL NUMBER
Classification number 2007 J-884
060 10 - NATIONAL LIBRARY OF MEDICINE CALL NUMBER
Classification number WU 90
Item number P572d 2008
080 ## - UNIVERSAL DECIMAL CLASSIFICATION NUMBER
Universal Decimal Classification number 617.60233 don
082 00 - DEWEY DECIMAL CLASSIFICATION NUMBER
Classification number 617.60233 don
Edition number 22
100 1# - Rafti
Rafti 5
101 ## - Shkurtesa
Shkurtesa sto
245 10 - TITLE STATEMENT
Title Dental assisting :
Statement of responsibility, etc Donna J. Phinney, Judy H. Halstead.
504 ## - BIBLIOGRAPHY, ETC. NOTE
Bibliography, etc Includes bibliographical references (p. 977-980) and index.
906 ## - LOCAL DATA ELEMENT F, LDF (RLIN)
a 7
b cbc
c orignew
d 1
e ecip
f 20
g y-gencatlg
942 ## - ADDED ENTRY ELEMENTS (KOHA)
Source of classification or shelving scheme
Item type Books
Holdings
Withdrawn status Lost status Source of classification or shelving scheme Damaged status Not for loan Collection code Permanent location Current location Shelving location Date acquired Total Checkouts Full call number Barcode Date last seen Price effective from Koha item type
          Koleksioni i përgjithshem UBT - Lipjan UBT - Lipjan Koleksioni i përgjithshem 01/24/2018   617.60233 don 002-2996513 01/24/2018 01/24/2018 Books
UBT Library © 2015-2024. All rights reserved University Education for Business and Technology